书目信息 |
| 题名: |
ROCET'S2 THE NEW THESAURUS
|
|
| 作者: | ||
| 分册: | ||
| 出版信息: | Hougton Mifflin Hougton Mifflin Company 1980 |
|
| 页数: | 1072页 | |
| 开本: | 20cm | |
| 丛书名: | ||
| 单 册: | ||
| 中图分类: | H316.7 | |
| 科图分类: | ||
| 主题词: | 英语 | |
| 电子资源: | ||
| ISBN: | 0-395-29605-6 | |
| 000 | 00446nam0 2200169 450 | |
| 001 | 0755227312 | |
| 005 | 20070828152027.31 | |
| 010 | @a0-395-29605-6@d¥8.20 | |
| 100 | @a20070828d km y0chiy0120 ea | |
| 101 | 0 | @achi |
| 200 | 1 | @aROCET'S2 THE NEW THESAURUS |
| 210 | @aHougton Mifflin@cHougton Mifflin Company@d1980 | |
| 215 | @a1072页@d20cm | |
| 606 | 0 | @a英语 |
| 690 | @aH316.7@v3 | |
| 801 | 0 | @aCN@bPFT@c20070828 |
| 905 | @a213230@dH316.7@eW65@f1 | |
| ROCET'S2 THE NEW THESAURUS.-Hougton Mifflin:Hougton Mifflin Company,1980 |
| 1072页;20cm |
| ISBN 0-395-29605-6:¥8.20 |
| ● |
| 相关链接 |
|
|
|
|
正题名:ROCET'S2 THE NEW THESAURUS
索取号:H316.7/W65
 
预约/预借
| 序号 | 登录号 | 条形码 | 馆藏地/架位号 | 状态 | 备注 |
| 1 | 0706348 | 207063489 | 密集书库—外国语学院/ [索取号:H316.7/W65] | 在馆 |